Library Catalogue
St. Thomas' College (Autonomous),Thrissur

സ്ത്രീകൾക്കെതിരായ അതിക്രമങ്ങൾ: കാരണങ്ങൾ, പരിഹാരമാർഗ്ഗങ്ങൾ (Record no. 90503)

MARC details
000 -LEADER
fixed length control field 00667nam a2200193Ia 4500
003 - CONTROL NUMBER IDENTIFIER
control field STCL
008 - FIXED-LENGTH DATA ELEMENTS--GENERAL INFORMATION
fixed length control field 230729s9999 xx 000 0 und d
040 ## - CATALOGING SOURCE
Original cataloging agency STCL
Transcribing agency STCL
Language of cataloging EN
082 ## - DEWEY DECIMAL CLASSIFICATION NUMBER
Edition number 22
100 ## - MAIN ENTRY--PERSONAL NAME
Personal name Aleyamma Vijayan
245 #0 - TITLE STATEMENT
Title സ്ത്രീകൾക്കെതിരായ അതിക്രമങ്ങൾ: കാരണങ്ങൾ, പരിഹാരമാർഗ്ഗങ്ങൾ
246 ## - VARYING FORM OF TITLE
Title proper/short title Sthreekalkkethiraya athikramangal: karanangal pariharangal
260 ## - PUBLICATION, DISTRIBUTION, ETC. (IMPRINT)
Name of publisher, distributor, etc. Sakhi Women Resources Center
Place of publication, distribution, etc. Thiruvananthapuram
Date of publication, distribution, etc. 2003
300 ## - PHYSICAL DESCRIPTION
Extent 116 p
365 ## - TRADE PRICE
Price amount 60
546 ## - LANGUAGE NOTE
Language note Malayalam
700 ## - ADDED ENTRY--PERSONAL NAME
Personal name Sandhya, J; Jayasree, S
942 ## - ADDED ENTRY ELEMENTS (KOHA)
Source of classification or shelving scheme
Edition
Koha item type Book
Holdings
Withdrawn status Lost status Source of classification or shelving scheme Damaged status Not for loan Home library Current library Shelving location Date acquired Total Checkouts Full call number Barcode Date last seen Date last checked out Price effective from Koha item type
          Santhome Athenaeum Santhome Athenaeum General Stacks 29/07/2023 1 M320 ALE-S J00879 23/08/2023 16/08/2023 29/07/2023 Book
The Librarian
St. Thomas' College (Autonomous),
Thrissur - 680 001, Kerala, INDIA


Phone: +91 487 2420435    Ext: 1006   |    E-mail: stctlib@gmail.com    |    Web: http://stthomas.ac.in